<?xml version="1.0" encoding="UTF-8"?><?xml-stylesheet type="text/xsl" href="static/style.xsl"?><OAI-PMH xmlns="http://www.openarchives.org/OAI/2.0/" xmlns:xsi="http://www.w3.org/2001/XMLSchema-instance" xsi:schemaLocation="http://www.openarchives.org/OAI/2.0/ http://www.openarchives.org/OAI/2.0/OAI-PMH.xsd"><responseDate>2026-04-17T03:35:23Z</responseDate><request verb="GetRecord" identifier="oai:www.recercat.cat:2445/184606" metadataPrefix="marc">https://recercat.cat/oai/request</request><GetRecord><record><header><identifier>oai:recercat.cat:2445/184606</identifier><datestamp>2025-12-05T10:35:56Z</datestamp><setSpec>com_2072_1057</setSpec><setSpec>col_2072_478917</setSpec><setSpec>col_2072_478935</setSpec></header><metadata><record xmlns="http://www.loc.gov/MARC21/slim" xmlns:dcterms="http://purl.org/dc/terms/" xmlns:xsi="http://www.w3.org/2001/XMLSchema-instance" xmlns:doc="http://www.lyncode.com/xoai" xsi:schemaLocation="http://www.loc.gov/MARC21/slim http://www.loc.gov/standards/marcxml/schema/MARC21slim.xsd">
   <leader>00925njm 22002777a 4500</leader>
   <datafield ind2=" " ind1=" " tag="042">
      <subfield code="a">dc</subfield>
   </datafield>
   <datafield ind2=" " ind1=" " tag="720">
      <subfield code="a">Puigvert, Lídia</subfield>
      <subfield code="e">author</subfield>
   </datafield>
   <datafield ind2=" " ind1=" " tag="720">
      <subfield code="a">Gelsthorpe, Loraine</subfield>
      <subfield code="e">author</subfield>
   </datafield>
   <datafield ind2=" " ind1=" " tag="720">
      <subfield code="a">Soler Gallart, Marta</subfield>
      <subfield code="e">author</subfield>
   </datafield>
   <datafield ind2=" " ind1=" " tag="720">
      <subfield code="a">Flecha, Ramón</subfield>
      <subfield code="e">author</subfield>
   </datafield>
   <datafield ind2=" " ind1=" " tag="260">
      <subfield code="c">2022-04-01T17:30:25Z</subfield>
   </datafield>
   <datafield ind2=" " ind1=" " tag="260">
      <subfield code="c">2022-04-01T17:30:25Z</subfield>
   </datafield>
   <datafield ind2=" " ind1=" " tag="260">
      <subfield code="c">2019-05-28</subfield>
   </datafield>
   <datafield ind2=" " ind1=" " tag="260">
      <subfield code="c">2022-04-01T17:30:25Z</subfield>
   </datafield>
   <datafield ind2=" " ind1=" " tag="520">
      <subfield code="a">Violence against women is a reality that is still present in Europe and a serious public health threat worldwide. Fortunately, investment is being made to raise awarness at the national and EU levels and among diverse publics. However, more research is needed in order to better explain its underlying factors, and thus identify effective actions that could contribute to preventing young girls and women from becoming victims. Drawing on a theoretical approach to the preventive socialization of gender violence, in this study we report data from the quasi-experimental research project 'Free Teen Desire' (Marie Sklodowska-Curie Grant, 2015-2016, No 659299). Through a survey conducted on 100 female adolescents (aged 13-16) in different European secondary schools (in England, Spain, Cyprus and Finland), we analysed their pattern of attraction for both 'hooking up' and stable relationships towards boys with either violent attitudes and behaviour or boys with non-violent behaviour, what would be linked to gender violence victimization at a later stage in their lives. Our findings suggest that in the different European secondary schools studied, a similar pattern of attraction is recognized by female participants: although non-violent boys are highly preferred to those with a violent profile, we observed that boys with violent attitudes and behaviours are mostly preferred for hooking up, and boys with non-violent traits are mostly preferred for stable relationships. In addition to the novelty of providing quantitative data on these links (non-violent/stable relationships; violent/hook-ups) in the case of adolescents, the findings regarding the pattern of attraction towards boys with violent traits for sporadic relationships are in line with previous extensive qualitative research. This body of research marks the existence of a coercive dominant discourse that associates attraction with violence and influences the socialization processes of many girls during their sexual-affective relationships' awakening, which has been shown to constitute a risk factor for gender violence victimization.</subfield>
   </datafield>
   <datafield tag="653" ind2=" " ind1=" ">
      <subfield code="a">Violència contra les dones</subfield>
   </datafield>
   <datafield tag="653" ind2=" " ind1=" ">
      <subfield code="a">Salut pública</subfield>
   </datafield>
   <datafield tag="653" ind2=" " ind1=" ">
      <subfield code="a">Anàlisi de conducta</subfield>
   </datafield>
   <datafield tag="653" ind2=" " ind1=" ">
      <subfield code="a">Violence against women</subfield>
   </datafield>
   <datafield tag="653" ind2=" " ind1=" ">
      <subfield code="a">Public health</subfield>
   </datafield>
   <datafield tag="653" ind2=" " ind1=" ">
      <subfield code="a">Behavioral assessment</subfield>
   </datafield>
   <datafield ind2="0" ind1="0" tag="245">
      <subfield code="a">Girls' perceptions of boys with violent attitudes and behaviours, and of sexual attraction</subfield>
   </datafield>
</record></metadata></record></GetRecord></OAI-PMH>